<?xml version="1.0" encoding="UTF-8"?>
<record
    xmlns:xsi="http://www.w3.org/2001/XMLSchema-instance"
    xsi:schemaLocation="http://www.loc.gov/MARC21/slim http://www.loc.gov/standards/marcxml/schema/MARC21slim.xsd"
    xmlns="http://www.loc.gov/MARC21/slim">

  <leader>00446nam a22001457a 4500</leader>
  <controlfield tag="005">20180130150838.0</controlfield>
  <controlfield tag="008">180130b        xxu||||| |||| 00| 0 eng d</controlfield>
  <datafield tag="040" ind1=" " ind2=" ">
    <subfield code="c">PK-LaUMT</subfield>
  </datafield>
  <datafield tag="082" ind1=" " ind2=" ">
    <subfield code="a">PKAC 297.082</subfield>
    <subfield code="b">SUR-J</subfield>
  </datafield>
  <datafield tag="100" ind1=" " ind2=" ">
    <subfield code="a">Suraya Batool Alavi</subfield>
  </datafield>
  <datafield tag="245" ind1=" " ind2=" ">
    <subfield code="a">Jadeed tehik e nuswan aur Islam(&#x62C;&#x62F;&#x6CC;&#x62F; &#x62A;&#x62D;&#x631;&#x6CC;&#x6A9; &#x646;&#x633;&#x648;&#x627;&#x6BA; &#x627;&#x648;&#x631; &#x627;&#x633;&#x644;&#x627;&#x645;)</subfield>
    <subfield code="c">Suraya Batool Alavi</subfield>
  </datafield>
  <datafield tag="260" ind1=" " ind2=" ">
    <subfield code="a">&#x644;&#x627;&#x6C1;&#x648;&#x631;:</subfield>
    <subfield code="b">&#x645;&#x646;&#x634;&#x648;&#x631;&#x627;&#x62A;&#x60C;</subfield>
    <subfield code="c">1998</subfield>
  </datafield>
  <datafield tag="300" ind1=" " ind2=" ">
    <subfield code="a">494</subfield>
  </datafield>
  <datafield tag="942" ind1=" " ind2=" ">
    <subfield code="c">BK</subfield>
  </datafield>
  <datafield tag="999" ind1=" " ind2=" ">
    <subfield code="c">102525</subfield>
    <subfield code="d">102525</subfield>
  </datafield>
  <datafield tag="952" ind1=" " ind2=" ">
    <subfield code="0">0</subfield>
    <subfield code="1">0</subfield>
    <subfield code="4">0</subfield>
    <subfield code="7">0</subfield>
    <subfield code="a">01</subfield>
    <subfield code="b">01</subfield>
    <subfield code="d">2018-01-30</subfield>
    <subfield code="l">0</subfield>
    <subfield code="o">PKAC 297.082 SUR-J</subfield>
    <subfield code="p">118544</subfield>
    <subfield code="r">2018-01-30 00:00:00</subfield>
    <subfield code="w">2018-01-30</subfield>
    <subfield code="y">BK</subfield>
  </datafield>
  <datafield tag="952" ind1=" " ind2=" ">
    <subfield code="0">0</subfield>
    <subfield code="1">0</subfield>
    <subfield code="4">0</subfield>
    <subfield code="7">0</subfield>
    <subfield code="a">01</subfield>
    <subfield code="b">01</subfield>
    <subfield code="d">2018-01-30</subfield>
    <subfield code="l">0</subfield>
    <subfield code="o">PKAC 297.082 SUR-J</subfield>
    <subfield code="p">118545</subfield>
    <subfield code="r">2018-01-30 00:00:00</subfield>
    <subfield code="t">C-2</subfield>
    <subfield code="w">2018-01-30</subfield>
    <subfield code="y">BK</subfield>
  </datafield>
</record>
